Starmark Enterprise Ltd v CPL Distribution Ltd (Record no. 70442)

MARC details
000 -LEADER
fixed length control field 02574cam a2200265 4500
001 - CONTROL NUMBER
control field ABS65544
008 - FIXED-LENGTH DATA ELEMENTS--GENERAL INFORMATION
fixed length control field 020610n2002 000 0 eng u
035 ## - SYSTEM CONTROL NUMBER
System control number (Sirsi) u118346
245 ## - TITLE STATEMENT
Title Starmark Enterprise Ltd v CPL Distribution Ltd
260 ## - PUBLICATION, DISTRIBUTION, ETC.
Date of publication, distribution, etc. 2002
490 ## - SERIES STATEMENT
Series statement Weekly Law Reports
Volume/sequential designation [2002] 2 WLR 1009-1033 (24)
520 ## - SUMMARY, ETC.
Summary, etc. CA 31 July 2001. Claimant tenant (C) held a commercial lease from defendant landlord (S). The rent review provisions of which included a clause that if the tenant failed to serve a counter-notice within a period of one month from the receipt of a rent notice from the landlord, the tenant will be deemed to have agreed to pay the increased rate specified in the rent notice. On 30 March 1999 S served a notice proposing a new rent of £84 800 pa with effect from 1 August 1999. C did not serve its counter-notice for £52 725 until 16 June 1999. Applying "Mecca Leisure Ltd v Renown Investments Holdings Ltd" 1984 the most recent of two apparently contradictory CA decisions the judge held that the normal presumption that time was not of the essence had not been displaced by the deeming provision in the rent review clause and C's counter-notice was validly served. CA allowed S's appeal. Time not of the essence presumption can be displaced if there is deeming provision which clearly states the consequence of a party's failure to comply with the stipulated timetable. The deeming provison is not a mere administrative direction but an intrinsic part of the contract. Therefor the counter-notice was invalidly served. CA applied earlier decision "Trustees of Henry Smith's Charity v AWADA Trading and Promotion Services Ltd" 1983." Mecca Leisure Ltd v Renown Investments (Holdings) Ltd" 1983 not followed. Full judgement available on Court Service website available on http://www.courtservice.gov.uk/View.do?id=918&searchTerm=Starmark&ascending=false&index=0&maxIndex=0
590 ## - LOCAL NOTE (RLIN)
Local note ABS
650 ## - SUBJECT ADDED ENTRY--TOPICAL TERM
Topical term or geographic name entry element COUNTERNOTICES
650 ## - SUBJECT ADDED ENTRY--TOPICAL TERM
Topical term or geographic name entry element STARMARK ENTERPRISES V CPL DISTRIBUTION
650 ## - SUBJECT ADDED ENTRY--TOPICAL TERM
Topical term or geographic name entry element RENT REVIEW CLAUSES
650 ## - SUBJECT ADDED ENTRY--TOPICAL TERM
Topical term or geographic name entry element TIME NOT OF THE ESSENCE
650 ## - SUBJECT ADDED ENTRY--TOPICAL TERM
Topical term or geographic name entry element UNITED SCIENTIFIC HOLDINGS LTD V BURNLEY BC
650 ## - SUBJECT ADDED ENTRY--TOPICAL TERM
Topical term or geographic name entry element TRUSTEES OF HENRY SMITH'S CHARITY V AWADA TRADING AND PROMOTION SERVICES LTD
650 ## - SUBJECT ADDED ENTRY--TOPICAL TERM
Topical term or geographic name entry element BICKENHALL ENGINEERING CO LTD V GRANDMET RESTAURANTS LTD
650 ## - SUBJECT ADDED ENTRY--TOPICAL TERM
Topical term or geographic name entry element MECCA LEISURE LTD V RENOWN INVESTMENTS HOLDINGS LTD
690 ## - LOCAL SUBJECT ADDED ENTRY--TOPICAL TERM (OCLC, RLIN)
Topical term or geographic name as entry element LANDLORD AND TENANT-RENT REVIEWS-CASE LAW
856 ## - ELECTRONIC LOCATION AND ACCESS
Uniform Resource Identifier <a href="https://www.courtservice.gov.uk/View.do?id=918&searchTerm=Starmark&ascending=false&index=0&maxIndex=0">https://www.courtservice.gov.uk/View.do?id=918&searchTerm=Starmark&ascending=false&index=0&maxIndex=0</a>
942 ## - ADDED ENTRY ELEMENTS (KOHA)
Suppress in OPAC 0
Holdings
Withdrawn status Lost status Source of classification or shelving scheme Damaged status Not for loan Home library Current library Shelving location Date acquired Total Checkouts Full call number Barcode Date last seen Copy number Price effective from Koha item type
    Dewey Decimal Classification     London London Journal article 10/06/2002   ABS65544 118346-1001 06/08/2019 1 06/08/2019 Law report